000 01175cam a2200241Li 4500
001 springboardtowhi00davi
003 CaSfIA
005 20210119083955.0
007 cr||||
008 980630s1967 nyu 000 0 eng d
040 _aZWZ
_encafnor
_bfre
_cZWZ
_dCaSfIA
035 _a(OCoLC)496041861
100 1 _aDavis, James W.
_d(1920-....)
245 1 0 _aSpringboard to the White House :
_h[electronic resource]
_b Presidential primaries : How they are fought and won /
_cJames W. Davis.
260 _aNew York :
_bT. T. Cromwell Co,
_c1967.
300 _aXII, 324 p. ;
_c21 cm.
029 0 _aZWZ
_b010080279
856 4 1 _uhttp://www.archive.org/details/springboardtowhi00davi
_zFree eBook from the Internet Archive
856 4 2 _uhttp://www.openlibrary.org/books/OL24442559M
_zAdditional information and access via Open Library
942 _cEB
506 _fНеобхідна авторизація на https://archive.org/ (створення облікового запису безкоштовно)
506 _fНеобхідна авторизація на https://openlibrary.org/ (створення облікового запису безкоштовно)
999 _c551655
_d551655